Handbook of research on learning and instruction

Saved in:
Bibliografiske detaljer
Main Authors: Mayer, Richard E. (autor), Alexander, Patricia A (Author)
Format: Bog
Sprog:engelsk
Udgivet: Nueva York Routledge 2017
Udgivelse:2a. ed
Serier:Educational Psychology Handbook Series
Fag:
Tags: Tilføj Tag
Ingen Tags, Vær først til at tagge denne postø!

MARC

LEADER 00000cam a2200000 a 4500
001 UCC0326
003 CL-VaPUC
008 170804e20170000us |||||||||||||||||eng|d
020 |a 9781138831766 
082 0 4 |a 370.1523  |b MAY  |2 21 
100 |a Mayer, Richard E.  |e autor  |9 594243 
700 0 |a Alexander, Patricia A  |e author  |9 594244 
245 1 0 |a Handbook of research on learning and instruction 
250 |a 2a. ed 
300 |a 580 p 
942 |c BK 
945 |d 20170804 10:39:00  |a dcastane 
260 |a Nueva York  |b Routledge  |c 2017 
650 0 |a Aprendizaje   |9 254827 
650 0 |a Enseñanza  |9 256457 
650 0 |a Investigación educacional   |9 261192 
583 |a last modification  |c 20170804 10:39:00  |k Rodrigo Vera 
490 0 |a Educational Psychology Handbook Series 
999 |c 369187  |d 369185 
952 |0 0  |1 0  |3 erb  |4 0  |6 370_152300000000000_MAY_2017  |7 0  |8 A  |9 484778  |a FDOPOS  |b FDOPOS  |i 5412838  |o 370.1523 MAY 2017  |p 5412838  |r 2025-01-22  |w 2019-11-24  |y BK  |z Catalogado en:20170804  |k DLA